000 01563nam a2200325 a 4500
001 ebr10440460
003 CaPaEBR
006 m u
007 cr cn|||||||||
008 110202s2010 ne ad sbm 000 0 eng d
020 _z9781607506652
020 _z9781607506669 (e-book)
040 _aCaPaEBR
_cCaPaEBR
035 _a(OCoLC)704520183
050 1 4 _aHD7287
_b.D48 2010eb
100 1 _aDe Vries, Paul.
245 1 0 _aMeasuring and explaining house price developments
_h[electronic resource] /
_cPaul de Vries.
260 _aAmsterdam, The Netherlands :
_bIOS Press,
_c2010.
300 _a214 p. :
_bill.
490 1 _aSustainable urban areas,
_x1574-6410 ;
_v36
500 _a"Proefschrift ter verkrijging van de graad van doctor aan Technische Universiteit Delft, op gezag van de Rector Magnificus, prof. ir. K. Ch. A.M. Luyben, voorzitter van de het College voor Promoties, in het openbaar te verdedigen op woensdag 24 november 2010 om 10.00 uur door Paul de Vries"--Cover.
502 _aProefschrift--Technische Universiteit Delft, 2010.
504 _aIncludes bibliographical references.
533 _aElectronic reproduction.
_bPalo Alto, Calif. :
_cebrary,
_d2011.
_nAvailable via World Wide Web.
_nAccess may be limited to ebrary affiliated libraries.
650 0 _aHousing
_xPrices.
655 7 _aElectronic books.
_2local
710 2 _aebrary, Inc.
830 0 _aSustainable urban areas ;
_v36.
856 4 0 _uhttp://site.ebrary.com/lib/rucke/Doc?id=10440460
_zAn electronic book accessible through the World Wide Web; click to view
999 _c245494
_d245494